Machines dynamo-électriques à courant continu : (Record no. 193681)

MARC details
000 -LEADER
campo de control de longitud fija 01526nam a2200397 i 4500
001 - NÚMERO DE CONTROL
campo de control 193681
003 - IDENTIFICADOR DE NÚMERO DE CONTROL
campo de control ES-MaACL
005 - FECHA Y HORA DE LA ÚLTIMA TRANSACCIÓN
campo de control 20240207140747.0
007 - CAMPO FIJO DE DESCRIPCIÓN FÍSICA--INFORMACIÓN GENERAL
campo de control de longitud fija ta
008 - DATOS DE LONGITUD FIJA--INFORMACIÓN GENERAL
campo de control de longitud fija 240205s1912||||fr a freb 000 0 fre d
035 ## - NÚMERO DE CONTROL DEL SISTEMA
Número de control de sistema (OCoLC)23411844
035 ## - NÚMERO DE CONTROL DEL SISTEMA
Número de control de sistema 021968411
035 ## - NÚMERO DE CONTROL DEL SISTEMA
Número de control de sistema ocm23411844
035 ## - NÚMERO DE CONTROL DEL SISTEMA
Número de control de sistema SU011512320001P
040 ## - FUENTE DE CATALOGACIÓN
Centro catalogador/agencia de origen ABES
Lengua de catalogación fre
Normas de descripción AFNOR
Centro/agencia transcriptor ES-MaACL
041 0# - CÓDIGO DE IDIOMA
Fuente del código 639-2
100 1# - ENTRADA PRINCIPAL--NOMBRE DE PERSONA
Nombre de persona Barbillion, Louis,
Fechas asociadas al nombre 1873-1945
9 (RLIN) 235043
Término indicativo de función/relación Autor
245 10 - MENCIÓN DEL TÍTULO
Título Machines dynamo-électriques à courant continu :
Resto del título théorie, enroulement et construction /
Mención de responsabilidad, etc. par L. Barbillion,... et P. Bergeon,....
264 #1 - PRODUCCIÓN, PUBLICACIÓN, DISTRIBUCIÓN, FABRICACIÓN Y COPYRIGHT
Producción, publicación, distribución, fabricación y copyright Paris :
Nombre del de productor, editor, distribuidor, fabricante Librairie des Sciences et de l'Indistrie :
-- L. Geisler, imprimeur-éditeur,
Fecha de producción, publicación, distribución, fabricación o copyright 1912.
300 ## - DESCRIPCIÓN FÍSICA
Extensión 145 páginas :
Otras características físicas ilustraciones (blanco y negro) ;
Dimensiones 27 cm.
336 ## - TIPO DE CONTENIDO
Código de tipo de contenido txt
Fuente rdacontent
Término de tipo de contenido Texto
337 ## - TIPO DE MEDIO
Código del tipo de medio n
Fuente rdamedia
Nombre/término del tipo de medio sin mediación
337 ## - TIPO DE MEDIO
Código del tipo de medio n
Fuente isbdmedia
Nombre/término del tipo de medio sin mediación
338 ## - TIPO DE SOPORTE
Código del tipo de soporte nga
Fuente RDAfrCarrier
Nombre/término del tipo de soporte volumen
490 1# - MENCIÓN DE SERIE
Mención de serie Encyclopédie électrotechnique ;
Designación de volumen o secuencia 13e Fascicule
504 ## - NOTA DE BIBLIOGRAFÍA, ETC.
Nota de bibliografía, etc. Bibliografía
650 #7 - PUNTO DE ACCESO ADICIONAL DE MATERIA--TÉRMINO DE MATERIA
Término de materia o nombre geográfico como elemento de entrada Generadores eléctricos
9 (RLIN) 136169
650 #4 - PUNTO DE ACCESO ADICIONAL DE MATERIA--TÉRMINO DE MATERIA
Término de materia o nombre geográfico como elemento de entrada Dinamos
9 (RLIN) 11896
700 1# - ENTRADA AGREGADA--NOMBRE PERSONAL
Nombre de persona Bergeon, Paul
9 (RLIN) 235048
Término indicativo de función/relación Autor
830 ## - PUNTO DE ACCESO ADICIONAL DE SERIE-TÍTULO UNIFORME
Título uniforme Encyclopédie électrotechnique ;
Designación de volumen o secuencia 13
9 (RLIN) 235039
852 ## - LOCALIZACIÓN
Ubicación Es-MaACL
Sublocalización o colección R.M:8235
Ubicación en estantería Sala Valle Inclán
Número de control de estantería D-8689
Marcas de propiedad Sello en tinta en portada: "Ateneo de Madrid. Biblioteca"
itemnumber 201206
886 2# - INFORMACIÓN DE CAMPO MARC FORÁNEO
2 unimarc
a 181
-- i#
b xxxe##
942 ## - ELEMENTOS DE ENTRADA SECUNDARIOS (KOHA)
Suprimir en OPAC No
Tipo de ítem Koha Libro impreso
Holdings
Estatus retirado Estado de pérdida Fuente del sistema de clasificación o colocación Estado de daño No para préstamo Biblioteca de origen Biblioteca actual Ubicación en estantería Fecha de adquisición Número de inventario Total de préstamos Signatura topográfica completa Código de barras Visto por última vez Precio de reemplazo Tipo de ítem Koha
    Clasificación decimal universal     Biblioteca del Ateneo de Madrid Biblioteca del Ateneo de Madrid Sala Valle Inclán 05/02/2024 R.M.8235   D-8689 101206599 05/02/2024 05/02/2024 Libro impreso